| 000 | 00464cam a2200181ua 4500 | ||
|---|---|---|---|
| 001 | 3514 | ||
| 008 | 111116n ii |||gr||||Z||||||asm | ||
| 040 | _cMAIN | ||
| 082 | _a891.4514 | ||
| 100 | _aGuwahati Sabita sabha, | ||
| 245 | 1 | 1 |
_aBezbaruahar sahitya prativa _cby Guwahati Sabita sabha |
| 250 | _a1st. | ||
| 260 |
_aGuwahati: _bSahitya Prakash. |
||
| 300 |
_a84p: _c23cm. |
||
| 653 | _aAssamese essay | ||
| 653 | _aBezbaruahar sahitya prativa | ||
| 942 | _cBK | ||
| 999 |
_c3355 _d3355 |
||